Sabbath readings for the home circle ... (Record no. 17971)

000 -LEADER
fixed length control field 00656cam a2200205u 4500
001 - CONTROL NUMBER
control field 9609343
003 - CONTROL NUMBER IDENTIFIER
control field OkBaRHE
005 - DATE AND TIME OF LATEST TRANSACTION
control field 20111028154529.0
008 - FIXED-LENGTH DATA ELEMENTS--GENERAL INFORMATION
fixed length control field 830518s1905 mauaf 000 0 eng
010 ## - LIBRARY OF CONGRESS CONTROL NUMBER
LC control number 05022603
040 ## - CATALOGING SOURCE
Original cataloging agency DLC
Transcribing agency CarP
Modifying agency DLC
050 00 - LIBRARY OF CONGRESS CALL NUMBER
Classification number BV 4515
Item number .V7
100 1# - MAIN ENTRY--PERSONAL NAME
Personal name Vroman, Martin Andrew,
Dates associated with a name 1870- [from old catalog]
9 (RLIN) 1670
245 10 - TITLE STATEMENT
Title Sabbath readings for the home circle ...
260 ## - PUBLICATION, DISTRIBUTION, ETC. (IMPRINT)
Place of publication, distribution, etc South Lancaster, Mass.,
Name of publisher, distributor, etc South Lancaster printing co.,
Date of publication, distribution, etc 1905.
300 ## - PHYSICAL DESCRIPTION
Extent 400 p.
Other physical details front., illus., plates.
Dimensions 21 cm.
650 #0 - SUBJECT ADDED ENTRY--TOPICAL TERM
Topical term or geographic name as entry element Christian life
Form subdivision Fiction.
9 (RLIN) 1671
906 ## - LOCAL DATA ELEMENT F, LDF (RLIN)
a 0
b cbc
c premunv
d u
e ncip
f 19
g y-gencatlg
942 ## - ADDED ENTRY ELEMENTS (KOHA)
Source of classification or shelving scheme
Koha item type Books
Copies
Current Location Koha item type Withdrawn status Date acquired Copy number Not for loan Shelving location Damaged status Source of classification or shelving scheme Lost status Date last seen Barcode Full call number Permanent Location Price effective from
RHEMA Bible Training CollegeBooks 2011-10-281 General Stacks   2011-10-2822291BV 4515 .V7RHEMA Bible Training College2011-10-28